La verdad de las comisiones de la verdad: lecciones comparativas desde Haití, Sudáfrica y Guatemala /
Identifica algunas de las complejidades y factores que dan forma a los esfuerzos de las comisiones de verdad. También evalúa los tipos de verdades que dichas comisiones pueden apropiadamente llegar a determinar. En la primera sección se aborda el tema de las limitaciones epistemológicas y en la evid...
Salvato in:
| Autore principale: | |
|---|---|
| Altri autori: | |
| Natura: | Libro |
| Lingua: | Spanish |
| Soggetti: | |
| Tags: |
Aggiungi Tag
Nessun Tag, puoi essere il primo ad aggiungerne!!
|
MARC
| LEADER | 00000nam a22000007a 4500 | ||
|---|---|---|---|
| 003 | cru CIDCACS/IIS | ||
| 005 | 20171019164118.0 | ||
| 007 | ta | ||
| 008 | 170907s2001 gt |||p|r|||| 00| 0 spa d | ||
| 999 | |c 40400 |d 40400 | ||
| 040 | |c cru CIDCACS/IIS | ||
| 100 | 1 | |9 5540 |a Chapman, Audrey R. | |
| 245 | 1 | 3 | |a La verdad de las comisiones de la verdad: |b lecciones comparativas desde Haití, Sudáfrica y Guatemala / |c Audrey R. Chapman, Patrick Ball ; traducción de Brisna Caxaj |
| 300 | |a páginas 11-50: |b tablas | ||
| 500 | |a traducción del inglés | ||
| 520 | |a Identifica algunas de las complejidades y factores que dan forma a los esfuerzos de las comisiones de verdad. También evalúa los tipos de verdades que dichas comisiones pueden apropiadamente llegar a determinar. En la primera sección se aborda el tema de las limitaciones epistemológicas y en la evidencia, en la siguiente se aborda el concepto de verdad en las comisiones, en la otra parte se tratan los prejuicios en el informe. Se finaliza con las conclusiones y las recomendaciones. | ||
| 650 | 1 | 0 | |9 38 |a DERECHOS HUMANOS |
| 650 | 1 | 0 | |9 133 |a VIOLENCIA |
| 650 | 0 | |9 4728 |a CONFLICTOS | |
| 650 | 1 | 0 | |9 928 |a VICTIMAS |
| 650 | 0 | |9 5200 |a GENOCIDIO | |
| 650 | 1 | 0 | |9 134 |a REPRESION |
| 650 | 1 | 0 | |9 1015 |a PACIFICACION |
| 650 | 1 | 0 | |9 5725 |a POSTGUERRA |
| 700 | 1 | |9 5542 |a Caxaj, Brisna |e traductora | |
| 773 | 0 | |0 40397 |9 1282 |a Universidad de San Carlos de Guatemala. |d Guatemala: Instituto de Investigaciones Políticas y Sociales, |o 17820 |t Política y Sociedad / | |
| 942 | |2 ddc |c PP | ||
